000 00799nam a2200253Ia 4500
003 OSt
005 20220923230626.0
006 a|||||r|||| 00| 0
007 ta
008 220922b |||||||| |||| 00| 0 san d
024 _a284,971
037 _cTextual
040 _aARTS
_cARTS
_bsan
041 _2san
_asan
082 _aP15,4, M1
100 _aजैन, सुदर्शन लाल
245 0 _aसंस्कृत प्रवेशिका
246 _aSanskṛut praveshikā
260 _aदमोह
_b सिद्ध - सरस्वती प्रकाशन
_c1981
300 _a268पृ0
_ccm.
650 _aहिन्दी भाषा
942 _hP15,4, M1
_cTEXL
_2CC
999 _c386138
_d386138